| 000 | 00386cam a2200157ua 4500 | ||
|---|---|---|---|
| 041 |
_aeng _h |
||
| 082 |
_a828.09 _bSTR/EL |
||
| 100 | _aStrunk, William . | ||
| 245 |
_aElements of style / _cWilliam Strunk. _hTextual Documents |
||
| 250 |
_a1 / _b. |
||
| 260 |
_aNew York : _bMcMillan Publishing Co , _c1959. |
||
| 300 | _a71 ; . | ||
| 504 | _a | ||
| 942 | _cBK | ||
| 999 |
_c3487 _d3487 |
||